The governance of England
Kaydedildi:
| Yazar: | |
|---|---|
| Materyal Türü: | Kitap |
| Dil: | Undetermined |
| Baskı/Yayın Bilgisi: |
New York
G. P. Putnam's Sons
1914
|
| Etiketler: |
Etiketle
Etiket eklenmemiş, İlk siz ekleyin!
|
| Thư viện lưu trữ: | Trung tâm Học liệu Trường Đại học Cần Thơ |
|---|
| LEADER | 00432nam a2200169Ia 4500 | ||
|---|---|---|---|
| 001 | CTU_218437 | ||
| 008 | 210402s9999 xx 000 0 und d | ||
| 082 | |a 320.941 | ||
| 082 | |b L912 | ||
| 100 | |a Low, Sidney | ||
| 245 | 4 | |a The governance of England | |
| 245 | 0 | |c Sidney Low | |
| 260 | |a New York | ||
| 260 | |b G. P. Putnam's Sons | ||
| 260 | |c 1914 | ||
| 904 | |i Trúc | ||
| 980 | |a Trung tâm Học liệu Trường Đại học Cần Thơ | ||